| 000 | 00444nam a22001697a 4500 | ||
|---|---|---|---|
| 003 | S3H | ||
| 005 | 20170105101155.0 | ||
| 008 | 151014b xxu||||| |||| 00| 0 eng d | ||
| 020 | _a978-969-9532-00-9 | ||
| 040 | _cS3H | ||
| 082 |
_a726.20954 _bSHA |
||
| 245 | _aChurches of Pakistan | ||
| 260 |
_aPakistan _bConstellation Plus _c[N.D] |
||
| 300 |
_a123p. : _bill. ; |
||
| 700 | _aDr. Safdar Ali Shah, & Syed Javaid A. Kazi | ||
| 942 |
_cBK _2ddc |
||
| 999 |
_c2553 _d2553 |
||